Statistics for Frogs by Picture

Click here to take the quiz!

General Stats

  • This quiz has been taken 80 times
  • The average score is 7 of 17

Answer Stats

Answer% Correct
Bullfrog
85%
Poison Dart Frog
83%
Red-Eyed Tree Frog
63%
Glass Frog
61%
Toad
54%
Pacman Frog
46%
Tomato Frog
46%
Vietnamese Mossy Frog
41%
Desert Rain Frog
30%
Goliath Frog
24%
White's Tree Frog
24%
African Dwarf Frog
20%
Pumpkin Toadlet
17%
Purple Frog
17%
Waxy Monkey Tree Frog
17%
Amazon Milk Frog
13%
Pixie Frog
13%

Score Distribution

Percentile by Number Answered

Percent of People with Each Score

Your Score History

You have not taken this quiz